Основы учета и отчетности Учебное пособие
Учебное пособие для выполнения самостоятельной работы студентами по дисциплине «Основы учета и отчетности» составлено в соответствии с государственным образовательным стандартом высшего образования по направлению 38.03.01 «Экономика» (степень «бакалавр»). Соответствует ФГОС 3++. Адресовано студентам...
Guardat en:
| Autor principal: | |
|---|---|
| Format: | Учебное пособие |
| Edició: | 2 |
| Accés en línia: | https://znanium.ru/catalog/document?id=465552 https://znanium.ru/cover/2213/2213097.jpg |
| Etiquetes: |
Afegir etiqueta
Sense etiquetes, Sigues el primer a etiquetar aquest registre!
|
| LEADER | 03171nam0a2200337 i 4500 | ||
|---|---|---|---|
| 001 | RU\infra-m\znanium\bibl\2213097 | ||
| 003 | https://znanium.ru/catalog/document?id=465552 | ||
| 005 | 20250605000000.0 | ||
| 010 | |a 978-5-7972-2988-9 | ||
| 100 | |a 20250605d2025 m y0rusy0150 ca | ||
| 101 | 0 | |a rus | |
| 102 | |a RU | ||
| 200 | 1 | |a Основы учета и отчетности |e Учебное пособие |f Ростовский государственный экономический университет (РИНХ) | |
| 205 | |a 2 | ||
| 210 | 1 | |a Ростов-на-Дону |c Ростовский Государственный Экономический Университет (РГЭУ, бывший РИНХ) |d 2022 | |
| 215 | |a 136 с. | ||
| 330 | |a Учебное пособие для выполнения самостоятельной работы студентами по дисциплине «Основы учета и отчетности» составлено в соответствии с государственным образовательным стандартом высшего образования по направлению 38.03.01 «Экономика» (степень «бакалавр»). Соответствует ФГОС 3++. Адресовано студентам-бакалаврам очной и заочной формы обучения по направлению 38.03.01 «Экономика» профили подготовки 38.03.01.01 «Бухгалтерский учет анализ и аудит» 38.03.01.15 «Учет и контроль в управлении бизнесом». | ||
| 333 | |a ВО - Бакалавриат | ||
| 606 | |a Экономика. Бухгалтерский учет. Финансы |x Основы бухгалтерского учета |2 local | ||
| 608 | |a Учебное пособие |2 local | ||
| 675 | |a 657 |z rus | ||
| 686 | |a 650 |2 rubbk | ||
| 686 | |a 38.03.01 |2 okso | ||
| 700 | 1 | |a Евстафьева |b Е.М. |g Елена Михайловна |p Ростовский государственный экономический университет (РИНХ) | |
| 701 | 1 | |a Лабынцев |b Н.Т. |g Николай Тихонович | |
| 701 | 1 | |a Макаренко |b Т.В. |g Татьяна Валерьевна |p Ростовский государственный экономический университет (РИНХ) | |
| 701 | 1 | |a Чухрова |b О.В. |g Оксана Викторовна |p Ростовский государственный экономический университет (РИНХ) | |
| 701 | 1 | |a Кузнецова |b М.А. |g Мария Александровна |p Ростовский государственный экономический университет (РИНХ) | |
| 801 | 0 | |a RU |b Общество с ограниченной ответственностью «ЗНАНИУМ» |c 20250530 |2 rusmarc | |
| 856 | 4 | |a znanium.ru |m ebs_support@infra-m.ru |n НИЦ ИНФРА-М |u https://znanium.ru/catalog/document?id=465552 | |
| 856 | 4 | 1 | |a znanium.ru |d /cover/2213 |f 2213097.jpg |q image/jpeg |u https://znanium.ru/cover/2213/2213097.jpg |